Responses for Show #8197 - Tuesday, April 7, 2020

2020 College Championship quarterfinal game 2.

Contestants

[<< previous game]

Nathaniel Miller, a sophomore at Yale University from Miami, Florida

Kayla Kalhor, a sophomore at the University of Florida from Longwood, Florida

Sophie Casarico, a junior at Florida State University from St. Augustine, Florida

[next game >>]

Jeopardy! Round responses

THE 1990s
SILENT LETTER WORDS
BROADWAY MUSICALS
DON'T BLANK ON THE MENU
NAME THE SPEAKER
WHAT"EV"ER
    $200 6
Microsoft

Kayla
    $200 27
debt

Nathaniel
    $200 30
Aladdin

Kayla
    $200 28
(Sophie: What are tenders?)
(Kayla: What are nuggets?)

McNuggets

SophieKaylaNathaniel
    $200 13
Pope Francis

Kayla
    $200 26
evidence

Nathaniel
    $400 5
a clone

Kayla
    $400 23
an anchor

Sophie
    $400 29
(Nathaniel: What is Les Miz? [*]?)

Les Miserables

Nathaniel
    $400 22
Fish & Chips

Kayla
    $400 12
Macbeth

Nathaniel
    $400 21
Evian

Nathaniel
    $600 4
Kuwait

Nathaniel
    $600 16
Foreign Film

Kayla
    $600 25
The Book of Mormon

Kayla
    $600 19
(Kayla: What are Donut [*]?)

Holes

Kayla
    $800 11
Martin Luther King

Nathaniel
    $600 20
evergreen

Nathaniel
    $800 2
NAFTA

Nathaniel
    $800 18
(Nathaniel: What are bombs?)

swords

Nathaniel
Triple Stumper
    $800 24
Elphaba

Kayla
    $800 7
a Frappuccino

Kayla
    $800 8
Winston Churchill

Nathaniel
    $800 14
Evolution

Nathaniel
    $1000 3
Mikhail Gorbachev

Nathaniel
    $1000 17
a corps

Kayla
    $1000 1
Oklahoma!

Nathaniel
    $1000 10
Grand Slam

Nathaniel
    $1000 9
Bartleby the Scrivener

Sophie
    $1000 15
(Kayla: What is Hiawatha?)

Evangeline

Kayla
Triple Stumper

Scores at the first commercial break (after clue 15):

Sophie Kayla Nathaniel
$1,000 $600 $7,200

Scores at the end of the Jeopardy! Round:

Sophie Kayla Nathaniel
$1,200 $4,600 $8,400

Double Jeopardy! Round responses

CLICHES
OK BOOMER
BRITISH LIT
COUNTRIES' LOWEST POINTS
FILM CHARACTERS
HEALTH & MEDICINE
    $400 29
punishment

Sophie
    $400 28
America Online

Nathaniel
    $400 27
The Canterbury Tales

Sophie
    $400 14
the Pacific

Nathaniel
    $400 26
the Joker

Sophie
    $400 30
peanuts

Kayla
    $800 19
(Nathaniel: What is "Give it a shot"?)

run it up the flagpole

Nathaniel
Triple Stumper
    $800 15
(Kayla: What's Oklahoma?)

Ohio

KaylaNathaniel
    $800 25
Sense and Sensibility

Triple Stumper
    $800 12
Death Valley

Sophie
    $800 24
Anna

Sophie
    $800 20
(Alex: We'll accept that.)

a pandemic

Nathaniel
    $1200 16
(Sophie: What is the divine?)

the ridiculous

Sophie
Triple Stumper
    $1200 6
Clarence Thomas

Nathaniel
    $2,000 7
(Alex: Don't know?)
(Nathaniel: Can't remember.)

Watership Down

Nathaniel
    $1200 9
the Dead Sea

Kayla
    $1200 23
Deadpool

Kayla
    $1200 21
cones

Kayla
    $1600 17
outside the box

Kayla
    $1600 4
Michael Moore

Kayla
    $1600 10
to the lighthouse

Nathaniel
    $1600 8
the Persian Gulf

Nathaniel
    $1600 13
(Sophie: Who is Megatron?)

Optimus Prime

SophieNathaniel
    $3,000 3
(Kayla: [Counting on her fingers] What is "arithemia"?)
(Alex: No, sorry, you mispronounced it in such a way as to make it unacceptable.)

arrhythmia

Kayla
    $2000 18
what doesn't kill you makes you stronger

Nathaniel
    $2000 5
the Vietnam Veterans of America

Nathaniel
    $2000 22
Cloud Atlas

Sophie
    $2000 11
the Adriatic

Nathaniel
    $2000 1
Knives Out

Kayla
    $2000 2
diabetes

Kayla

Scores at the end of the Double Jeopardy! Round:

Sophie Kayla Nathaniel
$3,200 $12,000 $20,000

Final Jeopardy! Round responses

AMERICAN HISTORY
(Kayla: I thought it wasn't legible.)
SophieWhat is Salem, Massachusetts
$3,200
KaylaWhat is Salem Salem, Massachusetts?
$4,501
NathanielWhat is Salem?
$4,001
Salem, Massachusetts

Final scores:

Sophie Kayla Nathaniel
$6,400 $16,501 $24,001
3rd place: $5,000 if eliminated 2nd place: $5,000 if eliminated Automatic semifinalist

Game dynamics:

Coryat scores:

Sophie Kayla Nathaniel
$3,200 $15,000 $21,800
8 R,
3 W
19 R,
4 W
(including 1 DD)
26 R
(including 1 DD),
3 W
(including 1 DD)

Combined Coryat: $40,000

[game clues] [game scores] [suggest correction]

Game tape date: 2020-02-03
The J! Archive is created by fans, for fans. Scraping, republication, monetization, and malicious use prohibited; this site may use cookies and collect identifying information. See terms. The Jeopardy! game show and all elements thereof, including but not limited to copyright and trademark thereto, are the property of Jeopardy Productions, Inc. and are protected under law. This website is not affiliated with, sponsored by, or operated by Jeopardy Productions, Inc. Join the discussion at JBoard.tv.